| 000 | 00824nam a2200217 u 4500 | ||
|---|---|---|---|
| 005 | 20210223132900.0 | ||
| 008 | 160413s2011 mx r 000 0 spa d | ||
| 020 | _a9786076060476 | ||
| 035 | _aUPN01000209503 | ||
| 049 | _aCG | ||
| 050 | 4 |
_aLE7.6313 U1.73 _bU5.2 |
|
| 110 | 2 |
_aUniversidad Juárez Autónoma de Tabasco _931564 |
|
| 245 | 1 | 0 |
_aCompendio universitario de escudos, logos, marcas, registros y símbolos representativos / _cUniversidad Juárez Autónoma de Tabasco ; comp. Fernando Rabelo Hartmann. |
| 260 |
_aVillahermosa : _bUJAT, _c2011. |
||
| 300 |
_a79 p. : _bil. |
||
| 440 | 0 |
_aJusto Sierra. _pDocumentos y estudios sobre la universidad |
|
| 610 | 2 | 4 |
_aUNIVERSIDAD JUAREZ AUTONOMA DE TABASCO - _xHERALDICA _926393 |
| 700 | 1 |
_aRabelo Hartmann, Fernando, _ecomp. |
|
| 905 | _aLibro | ||
| 999 |
_c181604 _d181604 |
||